00000000nam 2200000zi 4500
0019.946754
003CaOODSP
00520250303103444
006m     o  d f      
007cr |n|||||||||
008250110s1954    oncab   o    f000 0 eng d
040 |aCaOODSP|beng|erda|cCaOODSP
043 |an-cn-nt
0861 |aA52-218/1954E-PDF
0861 |zA51-135E-PDF
1001 |aGilbey, J. A. |q(John Alfred)|eauthor.
24510|aDominion Experimental Substation, Fort Simpson, Northwest Territories : |bprogress report, 1947-1953 / |cJ. A. Gilbey.
264 1|aOttawa, Canada : |bMinister of Agriculture, |c[1954]
300 |a1 online resource (48 pages) : |billustrations, map
336 |atext|btxt|2rdacontent
337 |acomputer|bc|2rdamedia
338 |aonline resource|bcr|2rdacarrier
500 |aDigitized edition from print [provided by Agriculture and Agri-Food Canada].
61025|bDominion Experimental Substation (Fort Simpson, N.W.T.)
61025|aDominion Experimental Substation (Fort Simpson, T.N.-O.)
650 0|aAgricultural experiment stations|zNorthwest Territories|zFort Simpson.
650 6|aStations agronomiques|zTerritoires du Nord-Ouest|zFort Simpson.
7102 |bDominion Experimental Substation (Fort Simpson, N.W.T.), |eissuing body.
7101 |aCanada. |bExperimental Farms Service, |eissuing body.
85640|qPDF|s10.20 MB|uhttps://publications.gc.ca/collections/collection_2025/aac-aafc/A51-135-1953-eng.pdf
986 |a5M—19085—9:54